| 000 | 00518nam a22001697a 4500 | ||
|---|---|---|---|
| 999 |
_c8695 _d8695 |
||
| 008 | 201210b ||||| |||| 00| 0 eng d | ||
| 040 | _aBMS College of Architecture | ||
| 100 | _aS M, Smruthi | ||
| 245 | _aPresence of absence- a crematorium | ||
| 300 | _a80p, | ||
| 500 | _a1BM11AT055 | ||
| 502 |
_8B,Arch _NBMS College of Architecture, Visvesvaraya Technological University (VTU) _aProject report _d2016 |
||
| 650 | _aNA | ||
| 700 |
_aSayee Deodhar _eGuide |
||
| 700 |
_aN Arun Chandhran _eGuide |
||
| 942 |
_2ddc _cTHE |
||